Vulnerabilitäts- und Degradationsanalyse semiarider Inselökosysteme der Randtropen am Beispiel der Insel Fogo (Kapverden)

Saved in:
Bibliographic Details
Other Authors: Olehowski, Claas (Other) , Siegmund, Alexander (Other)
Format: Chapter/Article
Language:German
Published: 2010
In: Transformationsprozesse in afrikanischen Entwicklungsländern
Year: 2010, Pages: 245-260
Online Access: Get full text
Author Notes:C. Olehowski ... A. Siegmund

MARC

LEADER 00000caa a22000002c 4500
001 1473959721
003 DE-627
005 20220811074216.0
007 tu
008 140415s2010 xx ||||| 00| ||ger c
035 |a (DE-627)1473959721 
035 |a (DE-576)403959721 
035 |a (DE-599)BSZ403959721 
035 |a (OCoLC)1340636717 
040 |a DE-627  |b ger  |c DE-627  |e rakwb 
041 |a ger 
084 |a 61  |2 sdnb 
245 0 0 |a Vulnerabilitäts- und Degradationsanalyse semiarider Inselökosysteme der Randtropen am Beispiel der Insel Fogo (Kapverden)  |c C. Olehowski ... A. Siegmund 
264 1 |c 2010 
300 |a 16 
336 |a Text  |b txt  |2 rdacontent 
337 |a ohne Hilfsmittel zu benutzen  |b n  |2 rdamedia 
338 |a Band  |b nc  |2 rdacarrier 
700 1 |a Olehowski, Claas  |d 1978-  |0 (DE-588)1047789191  |0 (DE-627)77921675X  |0 (DE-576)401607348  |4 oth 
700 1 |a Siegmund, Alexander  |d 1968-  |0 (DE-588)128715928  |0 (DE-627)378311638  |0 (DE-576)174916221  |4 oth 
773 0 8 |i In  |t Transformationsprozesse in afrikanischen Entwicklungsländern  |d Berlin : wvb, Wiss. Verl., 2010  |g (2010), Seite 245-260  |h 296 S.  |w (DE-627)62766895X  |w (DE-576)327346167  |z 3865735347  |z 9783865735348  |7 nnam  |a Vulnerabilitäts- und Degradationsanalyse semiarider Inselökosysteme der Randtropen am Beispiel der Insel Fogo (Kapverden) 
773 1 8 |g year:2010  |g pages:245-260  |g extent:16  |a Vulnerabilitäts- und Degradationsanalyse semiarider Inselökosysteme der Randtropen am Beispiel der Insel Fogo (Kapverden) 
951 |a AR 
992 |a 20140415 
993 |a BookComponentPart 
994 |a 2010 
998 |g 128715928  |a Siegmund, Alexander  |m 128715928:Siegmund, Alexander  |d 120000  |e 120000PS128715928  |k 0/120000/  |p 4  |y j 
999 |a KXP-PPN1473959721  |e 2793368024 
BIB |a Y 
JSO |a {"physDesc":[{"extent":"16 S."}],"recId":"1473959721","relHost":[{"part":{"pages":"245-260","text":"(2010), Seite 245-260","year":"2010","extent":"16"},"language":["ger"],"name":{"displayForm":["Andreas Dittmann ... (Hrsg.)"]},"person":[{"given":"Andreas","display":"Dittmann, Andreas","family":"Dittmann","role":"edt"}],"note":["Literaturangaben","Literaturangaben"],"origin":[{"dateIssuedDisp":"2010","publisherPlace":"Berlin","dateIssuedKey":"2010","publisher":"wvb, Wiss. Verl."}],"id":{"eki":["62766895X"],"isbn":["3865735347","9783865735348"]},"physDesc":[{"extent":"296 S.","noteFormat":"21 cm, 400 gr.","noteIll":"Ill., graph. Darst., Kt."}],"recId":"62766895X","relMultPart":[{"pubHistory":["1.2007 -"],"corporate":[{"display":"Universität Siegen","role":"isb"}],"type":{"bibl":"serial"},"title":[{"subtitle":"Beiträge zu interdisziplinären Studien in Ländern des Südens ; wissenschaftliche Reihe der Universität Siegen und der Justus-Liebig-Universität Giessen","title_sort":"Entwicklungsforschung","title":"Entwicklungsforschung"}],"disp":"Entwicklungsforschung","recId":"546897185","physDesc":[{"noteFormat":"21 cm"}],"id":{"zdb":["2391288-1"],"eki":["546897185"]},"titleAlt":[{"title":"wissenschaftliche Beiträge zur interdisziplinären Forschung in Ländern des Südens"}],"origin":[{"dateIssuedDisp":"2007-","publisherPlace":"Berlin ; Berlin ; Berlin ; Berlin ; Berlin","dateIssuedKey":"2007","publisher":"wvb ; wvb, Wiss. Verl. ; wvb, Wissenschaftlicher Verlag Berlin ; Wissenschaftlicher Verlag ; wvb Wissenschaftlicher Verlag Berlin"}],"dispAlt":"Entwicklungsforschung","part":{"number_sort":["9"],"number":["9"]},"language":["ger"]}],"title":[{"title_sort":"Transformationsprozesse in afrikanischen Entwicklungsländern","title":"Transformationsprozesse in afrikanischen Entwicklungsländern"}],"disp":"Vulnerabilitäts- und Degradationsanalyse semiarider Inselökosysteme der Randtropen am Beispiel der Insel Fogo (Kapverden)Transformationsprozesse in afrikanischen Entwicklungsländern","type":{"bibl":"edited-book"}}],"language":["ger"],"id":{"eki":["1473959721"]},"person":[{"role":"oth","family":"Olehowski","given":"Claas","display":"Olehowski, Claas"},{"role":"oth","family":"Siegmund","given":"Alexander","display":"Siegmund, Alexander"}],"type":{"bibl":"edited-book"},"origin":[{"dateIssuedDisp":"2010","dateIssuedKey":"2010"}],"title":[{"title":"Vulnerabilitäts- und Degradationsanalyse semiarider Inselökosysteme der Randtropen am Beispiel der Insel Fogo (Kapverden)","title_sort":"Vulnerabilitäts- und Degradationsanalyse semiarider Inselökosysteme der Randtropen am Beispiel der Insel Fogo (Kapverden)"}],"name":{"displayForm":["C. Olehowski ... A. Siegmund"]}} 
SRT |a VULNERABIL2010